La historia de una modelo : Gia /

Telefilme biográfico sobre Gia Carangi (1960-1986), una de las más célebres modelos norteamericanas de fines de la década de 1970 e inicios de los años 1980. La película retrata su relación con la célebre agente de origen holandés Wilhelmina Cooper (1939-80), su ascenso en la industria de la moda, e...

Descrición completa

Gardado en:
Detalles Bibliográficos
Autor Principal: Christopher, Michael (realización)
Outros autores: McInerney, Jay (guión) (guión), Cristofer, Michael (guión) (guión), García, Rodrigo (fotógrafo) (fotógrafo), Sears, Eric A. (montaje) (montaje), Blanchard, Terence (música) (música), Jolie, Angelina (actuación) (actuación), Dunaway, Faye (actuación) (actuación), Mitchell, Elizabeth (actuación) (actuación)
Formato: Deslizar
Idioma:inglés
Temas:
Etiquetas: Engadir etiqueta
Sen Etiquetas, Sexa o primeiro en etiquetar este rexistro!

MARC

LEADER 00000ngm^a2200000^a^4500
001 000297179
005 20250521000000.0
009 20260310112330.827
037 |a Acervo ITESO - Biblioteca 
041 |a ING 
082 |a 810.  |b CHR 
100 |a Christopher, Michael  |e (realización) 
245 1 3 |a La historia de una modelo :  |b Gia /  |c Realización de M. Cristofer. 
246 2 |a Título en la pantalla: Gia 
264 2 |a México :  |b HBO [distribución] :  |b Warner Brothers [distribución],  |c 2008, c2008 
300 |a 1 DVD regiones 1 y 4  |c (119 min.) 
336 |a imagen móvil bidimensional  |b tdi  |2 rdacontenido 
337 |a video  |b v  |2 rdamedio 
338 |a videodisco  |b vd  |2 rdasoporte 
520 |a Telefilme biográfico sobre Gia Carangi (1960-1986), una de las más célebres modelos norteamericanas de fines de la década de 1970 e inicios de los años 1980. La película retrata su relación con la célebre agente de origen holandés Wilhelmina Cooper (1939-80), su ascenso en la industria de la moda, el amor que profesó a una maquilladora y su adicción a las drogas. 
546 |a En inglés, con subtítulos opcionales: español, inglés, portugués 
546 |a Doblaje opcional: español 
649 |a XX 
650 |a Modelos en el Cine 
650 |a Modelos Norteamericanos -  |x Biografías 
650 |a Mujeres en el Cine 
650 |a Mujeres Norteamericanas -  |x Biografías 
650 |a Dramas Cinematográficos 
650 |a Telefilmes 
650 |a Cine Gay y Lésbico -  |z EUA 
650 |a Cine por Televisión -  |z EUA 
650 |a Cine Norteamericano -  |y 1990-1999 
650 |a Cine Norteamericano -  |y Siglo XX 
650 |a Homosexualidad 
650 |a Relaciones de Pareja 
650 |a Drogadicción 
650 |a Adicciones 
650 |a SIDA 
650 |a Moda -  |z EUA -  |x Historia -  |y 1977-1981 
650 |a Moda -  |z EUA -  |x Historia -  |y Siglo XX 
650 |a Nueva York, EUA en el Cine 
650 |a Carangi, Gia -  |x Tema Principal 
700 |a McInerney, Jay  |e (guión) 
700 |a Cristofer, Michael  |e (guión) 
700 |a García, Rodrigo  |e (fotógrafo) 
700 |a Sears, Eric A.  |e (montaje) 
700 |a Blanchard, Terence  |e (música) 
700 |a Jolie, Angelina  |e (actuación) 
700 |a Dunaway, Faye  |e (actuación) 
700 |a Mitchell, Elizabeth  |e (actuación) 
910 |a Fondo General 
920 |a Audiovisuales - DVDs 
940 |a Películas 
905 |a 302 
901 |a 0500093728  |b IT2  |c DVS  |i C118000  |u 20250521 
902 |a https://opac.biblio.iteso.mx/vufind/Record/000297179